Statistics for Ladies Firsts

Click here to take the quiz!

General Stats

  • This quiz has been taken 33 times
    (18 since last reset)
  • The average score is 6 of 19

Answer Stats

HintAnswer% Correct
first woman to win the popular vote in a United States presidential election.Hillary Clinton
88%
first woman to cross the Atlantic in an airplaneAmelia Earhart
82%
first woman to win the Nobel Prize in Physics and ChemistryMarie Curie
71%
the first woman inducted into the Rock and Roll Hall of Fame.Aretha Franklin
47%
first female Speaker of the United States House of RepresentativesNancy Pelosi
47%
first American woman to run an underground railroad to help slaves escape.Harriet Tubman
41%
first American woman in space.Sally Ride
35%
first woman on the Supreme CourtSandra Day OConnor
35%
first woman to win an Oscar for Best DirectorKathryn Bigelow
24%
first female Secretary of StateMadeleine Albright
24%
first woman to win Album of the Year twice.Taylor Swift
24%
first female artist in history to have five consecutive number one singles on the Billboard Hot 100 from one albumKaty Perry
18%
first woman in America depicted on a coin.Susan B. Anthony
18%
first woman to lead the Indianapolis 500Danica Patrick
6%
first female member of a Presidential cabinetFrances Perkins
6%
first American woman to win the Nobel Prize in LiteraturePearl S. Buck
6%
first woman to win a Pulitzer Prize for fictionEdith Wharton
0%
first female publisher of a major American newspaper.Katharine Graham
0%
first woman to run a successful presidential campaign.Kellyanne Conway
0%

Score Distribution

Percentile by Number Answered

Percent of People with Each Score

Your Score History

You have not taken this quiz since the last reset